Σάν νερό για ζεστή σοκολάτα : μυθιστόρημα σε μηνιαίες συνέχειες, με σπιτικές συνταγές, έρωτες και γιατροσόφια

Αποθηκεύτηκε σε:
Λεπτομέρειες βιβλιογραφικής εγγραφής
Κύριος συγγραφέας: Esquivel, Laura, 1950-
Άλλοι συγγραφείς: Σωτηριάδου, Κλαίτη (trlf)
Μορφή: Βιβλίο
Γλώσσα:Greek
Spanish
Δημοσίευση: Αθήνα : Ωκεανίδα, 1994.
Θέματα:
Ετικέτες: Προσθήκη ετικέτας
Δεν υπάρχουν, Καταχωρήστε ετικέτα πρώτοι!

MARC

LEADER 00000cam a2200000 i 4500
001 1/31629
008 960726s1994 gr | ||| |||| ||gre||
020 |a 9607213599 
035 |1 ΕΛΗ  |a 1996  |b 2607  |c ΒΙΒΛΙΟΘΗΚΗ  |l 10038880 
035 |l 10021879 
040 |a GR-MyUa  |b gre  |e AACR2 
041 1 |a gre  |h spa 
082 7 |a 863   |2 (22) 
100 1 |a Esquivel, Laura,   |d 1950- 
245 1 0 |a Σάν νερό για ζεστή σοκολάτα :   |b μυθιστόρημα σε μηνιαίες συνέχειες, με σπιτικές συνταγές, έρωτες και γιατροσόφια /   |c Λάουρα Εσκιβέλ ; μετάφραση Κλαίτη Μπαράχας.  
260 |a Αθήνα :   |b Ωκεανίδα,   |c 1994. 
300 |a 252 σ. ;   |c 21 εκ.  
500 |a Τίτλος πρωτοτύπου: Como agua para chocolate. 
500 |a Το παράρτημα Σάμου διαθέτει την 8η ανατύπωση του1997. 
650 0 |a Mexican fiction. 
700 1 |a Σωτηριάδου, Κλαίτη,  |e trlf 
852 |a INST  |b CHIOS  |e 19950131  |h 863 ΕΣΚ  |p 005200003484  |q 005200003484  |t BK  |y 0 
852 |a INST  |b SAMOS  |e 19960726  |h 863 ESQ  |p 005300008353  |q 005300008353  |t BK  |y 0 
852 |a INST  |b SYROS  |e 20210622  |h 863 ESQ  |p 005500014184  |q 005500014184  |t BK  |y 0 
901 |a BIBL-1998-1